| 000 -LEADER |
| fixed length control field |
00696nam a22002057a 4500 |
| 008 - FIXED-LENGTH DATA ELEMENTS--GENERAL INFORMATION |
| fixed length control field |
131009b xxu||||| |||| 00| 0 alb d |
| 020 ## - INTERNATIONAL STANDARD BOOK NUMBER |
| International Standard Book Number |
9951130089 |
| 041 0# - LANGUAGE CODE |
| Language code of text/sound track or separate title |
Alb |
| 080 ## - UNIVERSAL DECIMAL CLASSIFICATION NUMBER |
| Universal Decimal Classification number |
011 |
| Common auxiliary subdivision |
(05) |
| 100 ## - Rafti |
| Rafti |
Berisha, Gjon |
| 245 10 - TITLE STATEMENT |
| Title |
Bibliografia e revistës Kosova 1972 - 2003 / |
| Statement of responsibility, etc |
Gjon Berisha. |
| 260 ## - |
| -- |
Prishtinë : |
| -- |
Biblioteka Kombëtare dhe Universitare e Kosovës ; |
| -- |
2004. |
| 300 ## - |
| -- |
144 f. : |
| -- |
21 cm. |
| 500 ## - |
| -- |
Parathënie : f. [V - VI] |
| 505 ## - |
| -- |
Treguesit : f. 130 - 144 |
| 650 ## - |
| -- |
Bibliografia |
| -- |
Revista "Kosova" |
| -- |
1972 - 2003 |
| 650 ## - |
| -- |
Bibliografia |
| -- |
Shtypi periodik shqiptar |
| 700 ## - |
| -- |
Biblioteka Kombëtare dhe Universitare e Kosovës. |
| 942 ## - ADDED ENTRY ELEMENTS (KOHA) |
| Source of classification or shelving scheme |
|
| Item type |
Books |